Instructions ultra-pake opaquing porcelain with ultra escent crystals. (Registro nro. 8929)
[ vista simple ]
| 000 -LEADER | |
|---|---|
| fixed length control field | 00410ngm a22001577a 4500 |
| 005 - DATE AND TIME OF LATEST TRANSACTION | |
| control field | 20170301105653.0 |
| 008 - FIXED-LENGTH DATA ELEMENTS--GENERAL INFORMATION | |
| fixed length control field | 160216b xxu||||| |||| 00| 0 spa d |
| 041 ## - LANGUAGE CODE | |
| Language code of text/sound track or separate title | spa |
| 082 ## - CLASIFICACIÓN | |
| Clasificación | 77 DVD |
| 245 ## - TÍTULO | |
| Title | Instructions ultra-pake opaquing porcelain with ultra escent crystals. |
| 260 ## - PUBLICATION, DISTRIBUTION, ETC. (IMPRINT) | |
| Year of publication | 2002 |
| 300 ## - PHYSICAL DESCRIPTION | |
| Number of Pages | 60 minutos |
| 650 ## - SUBJECT ADDED ENTRY--TOPICAL TERM | |
| Topical Term | PORCELANAS |
| 650 ## - SUBJECT ADDED ENTRY--TOPICAL TERM | |
| Topical Term | LABORATORIO |
| 942 ## - ADDED ENTRY ELEMENTS (KOHA) | |
| Koha item type | DVD |
| Withdrawn status | Lost status | Damaged status | Not for loan | Home library | Current library | Date acquired | Total Checkouts | Full call number | Accession Number | Date last seen | Koha item type |
|---|---|---|---|---|---|---|---|---|---|---|---|
| Departamento de Biblioteca y Documentación Alfonso Chase Brenes | Departamento de Biblioteca y Documentación Alfonso Chase Brenes | 01/03/2017 | 77 DVD | 77DVD | 01/03/2017 | DVD |